Флагове на държави, които започват с Е - Statistics

General Stats
  • This quiz has been taken 47 times
  • The average score is 7 of 8
Answer Stats
Picture Answer % Correct
Естония
100%
Египет
94%
Еритрея
94%
Етиопия
92%
Еквадор
92%
Ел Салвадор
78%
Есватини
78%
Екваториална Гвинея
69%
No matching quizzes found
Score Distribution
Percent of People with Each Score
Percentile by Number Answered
Your Score History
You have not taken this quiz